000 00533nam a22001697a 4500
003 DO-SdBNP
005 20171205133928.0
008 171122b1983 sp| 0| 0 spa d
020 _a8432952109
040 _aBPMSU
_bspa
_cBPMSU
245 1 0 _aElectricidad y electrodomesticos /
_cSantiago Pey Estrany , diseñador ; Martin Pey Grau fotografía
260 _aBarcelona :
_bEdiciones Ceac,
_c1983
300 _a162 p. :
_bil. :
_c28 cm
942 _2ddc
_cBK
945 _aInventariado extranjero / 2017 VM
956 _adgarcia
_b10
_c22/11/17
999 _c13003
_d13003